| 000 | 03675cam a2200373 4500500 | ||
|---|---|---|---|
| 005 | 20260329014420.0 | ||
| 041 | _afre | ||
| 042 | _adc | ||
| 100 | 1 | 0 |
_aSimchowitz, Yves Joël _eauthor |
| 700 | 1 | 0 |
_aRazafindrazara, Berthin _eauthor |
| 245 | 0 | 0 | _aLa coopération entre les acteurs hospitaliers en santé mentale et les cadres des sociétés civile et familiale traditionnelles |
| 260 | _c2017. | ||
| 500 | _a81 | ||
| 520 | _anous avons constaté, au niveau du pôle de psychiatrie de Cayenne, tant dans le service de pédopsychiatrie que dans celui de psychiatrie adulte, que beaucoup de diagnostics trop tardifs - car les patients étaient monopolisés par les soins traditionnels - ont entraîné une perte de chance évidente et un pronostic défavorable pouvant aller jusqu’au décès, notamment dans les pathologies bipolaires ou psychotiques. Le Dr Razafindrazara montre. avec l’éclairage de sou expérience préalable en santé publique dans la prise en charge du VIH à Madagascar, comment une alliance est obligatoire avec les responsables familiaux et des structures traditionnelles afin de permettre aux patients touchés par les maladies d’avoir accès également à la médecine moderne. Le Dr Simchowitz intervient à la lumière de son expérience avec les tradipraticiens de la Réunion où les patients psychiatriques étaient pris en charge de façon adéquate par la médecine traditionnelle pour les pathologies névrotiques et réactionnelles et dirigés pour les pathologies psychotiques et bipolaires vers la médecine moderne. Un véritable partenariat entre praticiens traditionnels et psychiatres avait été établi. Il faut donc en Guyane, établir des ponts avec une circulation dans les deux sens des patients entre tradition et modernité. | ||
| 520 | _ain the psychiatric center of Cayenne, we noticed that too many diagnoses were lately given in the child psychiatry department and in the adult psychiatry service, beause many patients were monopolized by local traditional trearment. Patients have obviously a loss of chance to have a better treatment & prognosis, wich might take them to death, especially in bipolar or psychotic pathologies. Dr. Razafindrazara shows, with the insight of his prior public heath expérience in the management of HIV treatments in Madagascar, how an alliance with Family leaders and traditional structures is able to help patients affected by HIV to have access to modern medicine. Dr. Simchowitz has an experience of traditional healers of Réunion Island where psychiatrie patients were adequately treared by traditional medicine for neurotic and reactivé diseases and directed for psychotic and bipolar pathologies towards modern medicine. A true partnership between traditional practitioners and psychiatrists had been established. In Guyana, bridges must therefore be established with a circulation of patients in both directions between tradition and modernity | ||
| 690 | _acoopération tradition modernité | ||
| 690 | _adiagnostic pronostic | ||
| 690 | _aGuyane | ||
| 690 | _aLa Réunion | ||
| 690 | _aMadagascar | ||
| 690 | _aperte de chance | ||
| 690 | _apsychiatrie médicale | ||
| 690 | _atradipraticiens | ||
| 690 | _acooperation between tradition & modernity | ||
| 690 | _adiagnosis » prognosis | ||
| 690 | _aGuyana | ||
| 690 | _alass of chance | ||
| 690 | _aMadagascar | ||
| 690 | _amedical psychiatry | ||
| 690 | _aReunion | ||
| 690 | _atraditional healers | ||
| 786 | 0 | _nPsy Cause | 74 | 1 | 2017-01-26 | p. 43-45 | 1245-2394 | |
| 856 | 4 | 1 | _uhttps://shs.cairn.info/revue-psy-cause-2017-1-page-43?lang=fr&redirect-ssocas=7080 |
| 999 |
_c1888939 _d1888939 |
||